Statistics for Countries by Countryballs #1

Click here to take the quiz!

General Stats

  • This quiz has been taken 57 times
  • The average score is 13 of 16

Answer Stats

Answer% Correct
United Kingdom
100%
United States of America
97%
Canada
95%
Italy
95%
Poland
92%
Czech Republic
85%
Albania
82%
Slovakia
79%
Kosovo
77%
North Macedonia
77%
Fiji
74%
Somalia
74%
Honduras
69%
Senegal
69%
Brunei
67%
Myanmar
62%

Score Distribution

Percentile by Number Answered

Percent of People with Each Score

Your Score History

You have not taken this quiz